Geografia con la lettera "E" - Statistics

Statistiche generali
  • Questo quiz è stato fatto 129 volte
  • Il punteggio medio è 20 su 28
Statistiche sulle risposte
Suggerimento Risposta % Corretto
Paese con capitale Il Cairo Egitto
99%
Regione con capoluogo Bologna Emilia-Romagna
97%
Paese con capitale Quito Ecuador
96%
Capitale della Scozia (Regno Unito) Edimburgo
96%
Paese con capitale Tallinn Estonia
96%
Montagna più alta al mondo Everest
96%
Mare tra Grecia e Turchia Egeo
94%
Fiume della Mesopotami, insiema al Tigri Eufrate
94%
Paese con capitale San Salvador El Salvador
92%
Paese con capitale Addis Abeba Etiopia
92%
Isola più estesa della Toscana Elba
91%
Continente tra Asia e Africa Europa
91%
Paese con capitale Abu Dhabi Emirati Arabi Uniti
90%
Vulcano attivo della placca euroasiatica più alto (Italia) Etna
89%
Provincia della Sicilia Enna
87%
Comune in provincia di Napoli, noto per gli scavi archeologici della città romana, distrutta dall'eruzione del Vesuvio del 79 Ercolano
83%
Paese con capitale Asmara Eritrea
81%
Circonferenza massima della superficie della Terra Equatore
79%
Capitale dell'Armenia Erevan
70%
Colle romano che ospita la Basilica di Santa Maria Maggiore e la Stazione di Roma Termini Esquilino
63%
Città nel Texas, nota per la frontiera più importante tra USA e Messico El Paso
50%
Città, Ex centro dell’industria pesante e mineraria (Germania) Essen
38%
Capoluogo dell'Alberta (Canada) Edmonton
26%
Regione con capoluogo Mérida (Spagna) Estremadura
26%
Ecoregione paludosa subtropicale a Sud della Florida (USA) Everglades
22%
Regione storico geografica (Grecia, Albania) Epiro
21%
Seconda città per popolazione della Finlandia (+300K abitanti) Espoo
8%
Territorio conteso tra Guyana e Venezuela Esequibo
7%
Nessun quiz corrispondente trovato
Distribuzione punteggi
Percentuale di utenti per punteggio
Percentile per numero di risposta
I tuoi punteggi nel tempo
Non hai fatto questo quiz